000
00452nam a2200181Ia 4500
008
090124s9999 xx 000 0 und d
082
_b
14183
_a
5867
100
_a
गोखले अरविंद
245
_a
शपथ
250
_a
1
260
_c
1964
300
_a
155
600
_a
गोखले अरविंद
630
_a
शपथ
700
_a
गोखले अरविंद
730
_a
शपथ
942
_c
BOOK
999
_c
128123
_d
128123